| 000 | 00374nam a2200133Ia 4500 | ||
|---|---|---|---|
| 008 | 151213s9999 xx 000 0 und d | ||
| 100 | _aJohns Toms & Flexner | ||
| 245 |
_aThe Pocket History of American Painting _cJohns Toms & Flexner |
||
| 260 |
_aNew York _bPocket Books _c1950 |
||
| 300 | _a4602 p. | ||
| 650 | _aReference | ||
| 700 | _aJohns Toms & Flexner | ||
| 999 |
_c2960 _d2960 |
||